00851nam a2200265 a 450000100060000000300080000600500170001400800410003103500190007203500120009104000260010304100080012908200280013710000320016524500580019725000180025526000320027330000210030560000320032665000350035870000390039394200120043299900170044495201240046176618BD-RjUL20211209082851.0191226s1961 enk 00000 eng d a(BD-RjUL)76842 a1039136 aANLbengdSLcBD-RjUL aeng 223a364.97471bDAD 19611 aDanforth, Harold R.923692314aThe D.A.'s man /cHarold R. Danforth, James D. Horan. aAce Books ed. aLondon :bAce Books, c1961 a348 p. ;c18 cm.10aDanforth, Harold R.9236925 0aCrimezNew York (N.Y.)92369241 aHoran, James David,d1914-9236890 2ddccBK c76618d76618 00102ddc40718NFICaRUCLbRUCLcReadingd1991-07-31l0o364.97471 DAD 1961r2019-12-26 00:00:00tC-1w2019-12-26yBK